Soubor prozatímních učebních plánů pro nově koncipované učební a studijní obory

Gespeichert in:
Bibliographische Detailangaben
Format: Buch
Sprache:Tschechisch
Veröffentlicht: Praha Výzkumný ústav odbor. školství 1982
Tags: Tag hinzufügen
Keine Tags, Fügen Sie das erste Tag hinzu!

MARC

LEADER 00000nam a2200000 4500
001 c131380
005 20041019155252.2
041 0 |a cze 
044 |a CZ 
245 1 0 |a Soubor prozatímních učebních plánů pro nově koncipované učební a studijní obory 
264 1 |a Praha  |b Výzkumný ústav odbor. školství  |c 1982 
300 |a 334 s.